000 00193nam a22000977a 4500
041 _aeng
080 _a80
100 _aМатукайтес, З. В.
245 _aSpoken English.
999 _c280507
_d280507
942 _cBK